Doing business in Europe: Italy (Record no. 17466)

MARC details
000 -LEADER
fixed length control field 00692cab a2200193 4500
001 - CONTROL NUMBER
control field ABS40790
008 - FIXED-LENGTH DATA ELEMENTS--GENERAL INFORMATION
fixed length control field 090401t1989 xxu||||| |||| 00| 0 eng d
035 ## - SYSTEM CONTROL NUMBER
System control number (Sirsi) u26025
041 ## - LANGUAGE CODE
Language code of text/sound track or separate title eng
100 ## - MAIN ENTRY--PERSONAL NAME
Personal name Rowland, P.
245 ## - TITLE STATEMENT
Title Doing business in Europe: Italy
260 ## - PUBLICATION, DISTRIBUTION, ETC.
Date of publication, distribution, etc. 1989
350 ## - PRICE (NR) (BK AM CF MU VM SE) [OBSOLETE]
Price 0
490 ## - SERIES STATEMENT
Series statement Accountancy
Volume/sequential designation 103(1149) May 1989, 124-128(3)
520 ## - SUMMARY, ETC.
Summary, etc. Briefly discusses what you need to know if you are planning to set up business in Italy . Gives guidance on partnership administration and company administration, looking at corporation tax , social security contributions and income tax .
690 ## - LOCAL SUBJECT ADDED ENTRY--TOPICAL TERM (OCLC, RLIN)
Topical term or geographic name as entry element EUROPE-SINGLE MARKET
942 ## - ADDED ENTRY ELEMENTS (KOHA)
Suppress in OPAC 0
948 ## - LOCAL PROCESSING INFORMATION (OCLC); SERIES PART DESIGNATOR (RLIN)
c (OCLC) 04/03/1997
Holdings
Withdrawn status Lost status Source of classification or shelving scheme Damaged status Not for loan Home library Current library Shelving location Date acquired Total Checkouts Full call number Barcode Date last seen Copy number Price effective from Koha item type
    Dewey Decimal Classification     London London Journal article 14/09/1999   ABS40790 26025-1001 06/08/2019 1 06/08/2019 Journal article